000 01029cam a22002774a 4500
001 12725281
005 20260318201345.0
008 020329s2002 enk b 001 0 eng
020 _a0199252009
020 _a9780199252008
050 0 0 _aHD2741
_b.C22 2002
082 0 0 _a658.4/22
_221
100 1 _aCadbury, Adrian,
_cSir.
245 1 0 _aCorporate governance and chairmanship :
_ba personal view /
_cAdrian Cadbury.
260 _aOxford ;
_aNew York :
_bOxford University Press,
_c2002.
300 _axx, 259 p. ;
_c24 cm.
650 0 _aCorporate governance.
650 0 _aDirectors of corporations.
650 0 _aBoards of directors.
650 0 _aCorporate governance
_zGreat Britain.
650 0 _aDirectors of corporations
_zGreat Britain.
650 0 _aBoards of directors
_zGreat Britain.
856 4 2 _3Publisher description
_uhttp://www.loc.gov/catdir/enhancements/fy0613/2002025022-d.html
856 4 1 _3Table of contents only
_uhttp://www.loc.gov/catdir/enhancements/fy0613/2002025022-t.html
942 _2lcc
_cBK
_n0
999 _c9124
_d9124